000 00934nam a2200277 a 4500
001 000027015
003 DO-SdBNP
005 20251120073733.0
007 ta
008 110328s1981 dr 000 0 spa d
040 _aDO-SdBNP
_bspa
_cBNPHU
_erda
041 _aspa
082 4 _axxx
_bA742d
_222
100 1 _aArnaiz, Francisco José,
_d1925-
_eautor
_4aut.
_921372
245 1 0 _aDatos y análisis para la historia /
_cJosé Francisco Arnaiz ; presentación, Agripino Núñez C.
264 1 _aSantiago de los Caballeros, República Dominicana :
_bUCMM,
_c1981.
300 _a568 páginas ;
_c22 cm.
336 _atexto
_btxt
_2rdacontent
337 _asin mediación
_bn
_2rdamedia
338 _avolumen
_bnc
_2rdacarrier
490 0 _aEstudios
590 _aInventariado, 2025/BT
700 1 _aNúñez Collado, Agripino
_d1933-2022
_98457
710 2 _aPontificia Universidad Católica Madre y Maestra
_9843
942 _2ddc
_cLBS1
999 _c26507
_d26507